000 00361nam a2200157 i 4500
001 bg
100 1 _aCYWIŃSKI, Bohdan
245 0 _aEncyklopednia kolejnictwa /
_cBohdan Cywiński.
250 _aWyd.2.
260 _aWarszawa,
_c1966.
040 _cBPK
041 _apol
080 _a625:656.2
942 _cKS
008 s pl f |000 0 pol
999 _c13386
_d13386
856 _uhttp://koha.tu.koszalin.pl/cgi-bin/koha/opac-detail.pl?biblionumber=13386
_yKatalog online BPK